W którym województwie było to miasto w II RP? - Statystyki

Ogólne statystyki
  • Ten quiz został rozwiązany 3 razy
  • Średni wynik to 11 z 15
Statystyki odpowiedzi
Miasto Obecne województwo Województwo w 1930 % Poprawnych
Olkusz małopolskie kieleckie
100%
Radom mazowieckie kieleckie
100%
Kalisz wielkopolskie łódzkie
100%
Toruń kujawsko-pomorskie pomorskie
100%
Ostrołęka mazowieckie białostockie
67%
Sosnowiec śląskie kieleckie
67%
Mielec podkarpackie krakowskie
67%
Żywiec śląskie krakowskie
67%
Siedlce mazowieckie lubelskie
67%
Garwolin mazowieckie lubelskie
67%
Rzeszów podkarpackie lwowskie
67%
Działdowo warmińsko-mazurskie pomorskie
67%
Bydgoszcz kujawsko-pomorskie poznańskie
67%
Włocławek kujawsko-pomorskie warszawskie
67%
Skierniewice łódzkie warszawskie
67%
Nie znaleziono quizów pasujących do podanych kryteriów
Rozkład punktacji
Procent ludzi z każdym wynikiem
Percentyl według liczby udzielonych odpowiedzi
Twoja historia wyników
Nie rozwiązałeś tego quizu